宋朝年号 - Statistics

General Stats
  • This quiz has been taken 224 times
  • The average score is 14 of 57
Answer Stats
年份 年号 % Correct
1126-1127 靖康
77%
1131-1163 绍兴
75%
1041-1049 庆历
62%
977-984 太平兴国
56%
1078-1086 元丰
53%
1127-1131 建炎
49%
1008-1017 大中祥符
45%
1068-1078 熙宁
43%
1119-1126 宣和
43%
1234-1237 端平
39%
1086-1094 元祐
37%
968-977 开宝
34%
1056-1064 嘉佑
34%
1205-1208 开禧
32%
1101-1102 建中靖国
31%
1208-1225 嘉定
28%
1094-1098 绍圣
27%
1163-1165 隆兴
27%
960-963 建隆
25%
984-988 雍熙
24%
990-995 淳化
24%
963-968 乾德
23%
1004-1008 景德
23%
1107-1111 大观
23%
1111-1118 政和
23%
1064-1068 治平
22%
1102-1107 崇宁
22%
1174-1190 淳熙
22%
1023-1032 天圣
21%
1190-1195 绍熙
20%
998-1004 咸平
19%
1265-1275 咸淳
19%
1098-1101 元符
18%
1278-1279 祥兴
18%
995-998 至道
17%
1034-1038 景祐
17%
1049-1054 皇祐
16%
1260-1265 景定
16%
1032-1034 明道
15%
1040-1041 康定
15%
988-990 端拱
14%
1165-1174 乾道
14%
1195-1201 庆元
14%
1241-1253 淳祐
14%
1275-1276 德祐
14%
1225-1228 宝庆
13%
1201-1205 嘉泰
12%
1276-1278 景炎
12%
1017-1022 天禧
11%
1054-1056 至和
11%
1253-1259 宝祐
11%
1237-1241 嘉熙
10%
1259-1260 开庆
10%
1038-1040 宝元
10%
1022-1023 乾兴
9%
1118-1119 重合
9%
1228-1234 绍定
9%
No matching quizzes found
Score Distribution
Percent of People with Each Score
Percentile by Number Answered
Your Score History
You have not taken this quiz